| Tag |
First Indicator |
Second Indicator |
Subfields |
| LEADER |
00000cam a2200000 a 4500 |
| 001 |
in00000531521 |
| 005 |
20231221111455.0 |
| 008 |
841008s1984 enka 001 0 eng d |
| 010 |
|
|
|a 81050571
|
| 019 |
|
|
|a 11237432
|a 1026754476
|a 1200523790
|
| 020 |
|
|
|a 0442258089
|
| 020 |
|
|
|a 9780442258085
|
| 020 |
|
|
|a 0442258402
|q (pbk.)
|
| 020 |
|
|
|a 9780442258405
|q (pbk.)
|
| 020 |
|
|
|a 0906969417
|
| 020 |
|
|
|a 9780906969410
|
| 029 |
1 |
|
|a AU@
|b 000005782034
|
| 029 |
1 |
|
|a AU@
|b 000057771899
|
| 029 |
1 |
|
|a NZ1
|b 2653890
|
| 029 |
1 |
|
|a UNITY
|b 051797755
|
| 035 |
|
|
|a (OCoLC)ocm11238977
|
| 035 |
|
|
|a (OCoLC)11238977
|z (OCoLC)11237432
|z (OCoLC)1026754476
|z (OCoLC)1200523790
|
| 035 |
|
|
|a (OCoLC)ocm11238977
|
| 040 |
|
|
|a ERE
|b eng
|c ERE
|d OCLCQ
|d YDXCP
|d OCLCG
|d TXA
|d STF
|d VVW
|d OCLCA
|d OCLCQ
|d OCLCO
|d OCLCF
|d OCLCQ
|d VT2
|d OCLCQ
|d OCL
|d DHA
|d OCLCQ
|d PAU
|d OCLCQ
|d UWO
|d CNNGC
|d OCLCO
|d OCLCQ
|d OCLCO
|d OCLCL
|
| 050 |
|
4 |
|a NC95
|b .L4x 1984b
|
| 082 |
0 |
4 |
|a 741.6
|
| 100 |
1 |
|
|a Lewis, John,
|d 1912-1996.
|1 https://id.oclc.org/worldcat/entity/E39PBJkXtDFCPWMXTrFcMkK8G3
|
| 245 |
1 |
4 |
|a The 20th century book :
|b its illustration and design /
|c John Lewis.
|
| 246 |
3 |
|
|a Twentieth century book
|
| 250 |
|
|
|a 2nd ed.
|
| 260 |
|
|
|a New York :
|b Van Nostrand Reinhold Co.,
|c ©1984.
|
| 300 |
|
|
|a 271 pages :
|b illustrations (some color) ;
|c 30 cm
|
| 336 |
|
|
|a text
|b txt
|2 rdacontent
|
| 337 |
|
|
|a unmediated
|b n
|2 rdamedia
|
| 338 |
|
|
|a volume
|b nc
|2 rdacarrier
|
| 500 |
|
|
|a Includes index.
|
| 530 |
|
|
|a Also issued online.
|
| 505 |
0 |
|
|a Art nouveau or private press historian -- The new typography in Germany and France and the English renaissance in printing -- The influence of the French editions de luxe on commercial book production in England and America -- The effect of German impressionism and expressionism on book illustration -- English and American traditions in illustration -- The wood engraving revival in England and France -- The illustration and design of children's books -- The paperback explosion and design of the modern book.
|
| 650 |
|
0 |
|a Illustrated books
|x History
|y 20th century.
|
| 650 |
|
0 |
|a Illustration of books
|y 20th century.
|
| 650 |
|
6 |
|a Livres illustrés
|y 20e siècle.
|
| 650 |
|
6 |
|a Illustration des livres
|y 20e siècle.
|
| 650 |
|
6 |
|a Livres illustrés
|x Histoire
|y 20e siècle.
|
| 650 |
|
7 |
|a Illustrated books.
|2 fast
|0 (OCoLC)fst00967377
|
| 650 |
|
7 |
|a Illustration of books.
|2 fast
|0 (OCoLC)fst00967406
|
| 648 |
|
7 |
|a 1900-1999
|2 fast
|
| 655 |
|
7 |
|a History.
|2 fast
|0 (OCoLC)fst01411628
|
| 776 |
0 |
8 |
|i Online version:
|a Lewis, John Noel Claude, 1912-
|t 20th century book.
|b 2nd ed.
|d New York : Van Nostrand Reinhold, ©1984
|w (OCoLC)567903552
|
| 938 |
|
|
|a YBP Library Services
|b YANK
|n 390752
|
| 948 |
|
|
|h HELD BY TXA - 173 OTHER HOLDINGS
|
| 994 |
|
|
|a Z0
|b TXA
|
| 999 |
f |
f |
|s a7e64220-4241-360a-9dc8-fa93bec8737c
|i b0b04f83-7ce0-320b-a3a6-87cd15e87123
|t 0
|
| 952 |
f |
f |
|p ric
|a Texas A&M University
|b Rellis Campus
|c Joint Library Facility
|s JLF
|d Remote Storage
|t 0
|e NC95 .L4 1984
|h Library of Congress classification
|i unmediated -- volume
|m A14808762912
|